000 00750nam a22002657a 4500
001 BR8106022
003 BR-BrBNA
005 20230928091047.0
007 ta
008 230509b bl.||||| |||| 00| 0 por d
040 _aBR-BrBNA
_bpor
_cBiblioteca Nacional de Agricultura
041 _a(Por)
072 _aH10
_b0430
_b4010
090 _ 0430 BR8106022
100 1 _aCardoso, P.S.
100 1 _aReis, O. da S.
110 1 _aAssociacao de Credito e Assistencia Rural do Parana, Curitiba (Brasil)
245 1 _aManual de manejo de pragas do algodao [Gossypium spp]
260 3 _aCuritiba, PR (Brasil):
_c1981.
300 _a15 p.
650 _aALGODAO
650 _aPRAGA DE PLANTA
909 _a202309
_bLucia
_c55
_dLucia Elande
942 _cBK
999 _c32006
_d32006